000 00774nam a2200193Ia 4500
005 20251020182559.0
008 200515s9999 xx 000 0 und d
082 _aSC/331.11/C74
110 _aConsejo Superior de Contrataciones y Adquisiciones del Estado
245 0 _aContrataciones y Adquisiciones del Estado : compendio legislativo
260 _aLima
260 _c1999
300 _a520
520 _aLa Ley 26850 y su Reglamento han unificado en uno solo cuerpo legal, la legislación sobre la contratación de obra pública, servicio de consultoría y adquisiciones de bienes y servicios en general que efectúan las entidades estatales, constituyendo el refe
650 _aADQUISICIONES DEL ESTADO
650 _aLEGISLACION
650 _aPERU
942 _cLIB
999 _c2985
_d2985